| 000 | 00553nam a22001937a 4500 | ||
|---|---|---|---|
| 003 | OSt | ||
| 005 | 20240716120633.0 | ||
| 008 | 240716b |||||||| |||| 00| 0 eng d | ||
| 020 | _a075063989x | ||
| 040 |
_aDDC _cMUST |
||
| 082 | _a338.4 BRO 1998 | ||
| 100 |
_aBrown Frances _918755 |
||
| 245 |
_aTourism Reassessed Bright or Blessing?/ _cBrown Frances |
||
| 260 |
_aBoston: _bButterworth-Heinemann; _c1998. |
||
| 300 |
_aviii,141p.: _bill,; _c 24cm. |
||
| 504 | _aIncludes Bibliographical indexes. | ||
| 650 |
_aTourism _97816 |
||
| 942 |
_2ddc _cO_SHELF |
||
| 999 |
_c9192 _d9192 |
||